Vplyv technológie elektrolytnej plazmy na kvalitu povrchu objektov vyrobených 3D tlačou
Saved in:
| Main Author: | |
|---|---|
| Other Authors: | |
| Format: | Manuscript Book |
| Language: | Slovak |
| Published: |
2024
|
| Subjects: | |
| Online Access: | http://is.stuba.sk/zp/portal_zp.pl?podrobnosti=177299 |
| Tags: |
No Tags, Be the first to tag this record!
|
MARC
| LEADER | 00000ntm a22000003a 4500 | ||
|---|---|---|---|
| 001 | stuzp99942 | ||
| 003 | SK-STU | ||
| 005 | 20250304112148.5 | ||
| 007 | ta | ||
| 008 | 150427s2015----xo-----f-mn---000-0-slo-d | ||
| 040 | |a STU |b slo | ||
| 041 | 0 | |a slo | |
| 100 | 1 | |a Gluškovová, Aneta |u 020070 |4 aut |U SjF Strojnícka fakulta |T SjF Ústav výrobného inžinierstva a kvality produkcie |X 122109 |U J0070 |Y 804 |7 122109 | |
| 242 | 0 | 1 | |a Effect of plasma-electrolyte technology on the quality of surface of the 3D printed parts |y eng |
| 245 | 1 | 0 | |a Vplyv technológie elektrolytnej plazmy na kvalitu povrchu objektov vyrobených 3D tlačou |
| 260 | |c 2024 | ||
| 650 | 4 | |a elektrolytná plazma |2 slo | |
| 650 | 4 | |a elektrolyt |2 slo | |
| 650 | 4 | |a oceľ AISI 316L |2 slo | |
| 650 | 4 | |a aditívna výroba |2 slo | |
| 650 | 4 | |a kvalita |2 slo | |
| 650 | 4 | |a povrch |2 slo | |
| 650 | 4 | |a drsnosť |2 slo | |
| 650 | 4 | |a kovová 3D tlač |2 slo | |
| 650 | 4 | |a surface |2 eng | |
| 650 | 4 | |a quality |2 eng | |
| 650 | 4 | |a electrolytic plasma |2 eng | |
| 650 | 4 | |a steel AISI 316L |2 eng | |
| 650 | 4 | |a roughness |2 eng | |
| 650 | 4 | |a additive manufacturing |2 eng | |
| 650 | 4 | |a metal 3D printing |2 eng | |
| 650 | 4 | |a electrolyte |2 eng | |
| 700 | 1 | |a Pokusová, Marcela |u 020070 |k Z1 |4 ths |U SjF Strojnícka fakulta |T SjF Ústav výrobného inžinierstva a kvality produkcie |X 236 |U J0070 |Y 804 |7 A000000236 | |
| 856 | 4 | |u http://is.stuba.sk/zp/portal_zp.pl?podrobnosti=177299 | |
| 996 | |b 284J047756 |c J* 3846/DDP |l JJSK |s A |a 24 |w stuzp99942_0001 | ||